Schaum's outline of theory and problems of statistics /

Na minha lista:
Detalhes bibliográficos
Main Authors: Spiegel, Murray R (Author), DiFranco, Donna (Author)
Formato: Livro
Idioma:inglês
Publicado em: New York : McGraw-Hill, 1988
Tags: Adicionar Tag
Sem tags, seja o primeiro a adicionar uma tag!

MARC

LEADER 00000nam a22000003a 4500
001 stu30601
005 20150617225735.2
008 980121s1988----xxu-----------------eng-d
020 |a 0-07-843990-6 
040 |a STU  |b slo 
041 0 |a eng 
044 |a xxu 
080 |a 519.23 
100 1 |a Spiegel, Murray R  |4 aut 
245 1 |a Schaum's outline of theory and problems of statistics /  |c [aut]Spiegel,Murray R.;DiFranco,Donna 
260 |a New York :  |b McGraw-Hill,  |c 1988 
300 |a 518 s  |c disketa 
700 1 |a DiFranco, Donna  |4 aut 
996 |c V*45304/O-19858  |l VV9  |s P  |a 0  |w stu30601_0001